LEADER 00797nam a2200217 i 4500 001 000000117366 003 CaOOAMICUS 005 20240129125719.0 008 040805s1972 it u000 u ita u 013 $a90055 040 $aSeMil$bita 100 1 $aZingarelli, Italo.$0(OLS)http://semarc/name/49004 245 10$aProntuario della lingua selvaggia /$cItalo Zingarelli. 260 $aMilano :$bCeschina,$ccopyr. 1972. 300 $a115 p. ;$c18 cm. 650 4$aLinguistica.$0(OLS)http://semarc/subject/2222 850 $aSeMil 852 $aSeMil$W1$xVenegono$y1$m1P I 17$j245655$B72756$CSeMilBibl$Z2$F85407 $81 996 $6245$aProntuario della lingua selvaggia$9(OLS)http://semarc/title/172309 996 $6260$aMilano :$bCeschina$9(OLS)http://semarc/publisher/30279 LEADER 01006nam a2200253 i 4500 001 000000120756 003 CaOOAMICUS 005 20031128000000.0 008 031128s1982 it u000 u ita u 013 $a93450 040 $aSeMil$bita 245 10$aIn lode dei sette primi padri. 260 $aRoma :$bMarianum,$c1982. 260 $aRoma :$bCommissio Liturgica Internationalis OSM,$c1982. 300 $a79 p. :$bIll.: annotazioni musicali ;$c19 cm. 500 $aFondo Card. C.M. Martini. 650 4$aOrdine dei Servi di Maria - Liturgia.$0(OLS)http://semarc/subject/18969 850 $aSeMil 852 $aSeMil$W1$xVenegono$y1$m3K I 150$j75897$B75897$CSeMilBibl$Z2$F99212 $81 941 1 $a4 961 $aOmaggio: Martini Card. Carlo Maria 996 $6245$aIn lode dei sette primi padri$9(OLS)http://semarc/title/177719 996 $6260$aRoma :$bCommissio Liturgica Internationalis OSM$9(OLS)http://semarc/publisher/46022 996 $6260$aRoma :$bMarianum$9(OLS)http://semarc/publisher/30163